Duty of care limitation (Record no. 76030)

MARC details
000 -LEADER
fixed length control field 01101cab a2200229 4500
001 - CONTROL NUMBER
control field ##L131300
008 - FIXED-LENGTH DATA ELEMENTS--GENERAL INFORMATION
fixed length control field 051018n2005 000 0 eng u
035 ## - SYSTEM CONTROL NUMBER
System control number (Sirsi) u131300
041 0# - LANGUAGE CODE
Language code of text/sound track or separate title eng
100 1# - MAIN ENTRY--PERSONAL NAME
Personal name Murdoch, John
245 00 - TITLE STATEMENT
Title Duty of care limitation
260 3# - PUBLICATION, DISTRIBUTION, ETC.
Date of publication, distribution, etc. 2005
490 #0 - SERIES STATEMENT
Series statement Estates Gazette
Volume/sequential designation (0540) 8 October 2005, 183(1)
520 ## - SUMMARY, ETC.
Summary, etc. Discusses the case law since "Yianni v Edwin Evans and Sons" ([1981] 259 EG 969) in respect of independent chartered surveyors carrying out mortgage valuations for a building society being held liable for negligence by purchasers of inspected houses, in particular "Smith v Eric S Bush (a firm)" ([1989] 1 EGLR 169). Points out that a mortgage valuer's duty of care to a residential purchaser does not extend to a property developer's commercial venture.
590 ## - LOCAL NOTE (RLIN)
Local note IKA251005
650 24 - SUBJECT ADDED ENTRY--TOPICAL TERM
Topical term or geographic name entry element YIANNI V EDWIN EVANS AND SONS
650 24 - SUBJECT ADDED ENTRY--TOPICAL TERM
Topical term or geographic name entry element WILSON V D M HALL AND SONS
650 24 - SUBJECT ADDED ENTRY--TOPICAL TERM
Topical term or geographic name entry element QURESHI V LIASSIDES
650 24 - SUBJECT ADDED ENTRY--TOPICAL TERM
Topical term or geographic name entry element SMITH V ERIC S BUSH (A FIRM)
690 ## - LOCAL SUBJECT ADDED ENTRY--TOPICAL TERM (OCLC, RLIN)
Topical term or geographic name as entry element MANAGEMENT-BUSINESS MANAGEMENT-PROFESSIONAL PRACTICE-NEGLIGENCE
942 ## - ADDED ENTRY ELEMENTS (KOHA)
Suppress in OPAC 0
Holdings
Withdrawn status Lost status Source of classification or shelving scheme Damaged status Not for loan Home library Current library Shelving location Date acquired Total Checkouts Full call number Barcode Date last seen Copy number Price effective from Koha item type
    Dewey Decimal Classification     London London Journal article 18/10/2005   L131300 131300-1001 06/08/2019 1 06/08/2019 Journal article